| 000 | 00559nam a22001695i 4500 | ||
|---|---|---|---|
| 001 | 48693 | ||
| 003 | ES-MaACL | ||
| 005 | 20230906161812.0 | ||
| 007 | t| | ||
| 008 | 950728s1879 sp ||||1| spa d | ||
| 040 |
_aCAM _bspa _cCAM |
||
| 100 | 1 |
_aDíaz de la Quintana, Alberto. _944234 |
|
| 245 | 1 | 0 |
_aDespués de la muerte _b: poema / _cAlberto Diaz de la Quintana. |
| 260 |
_aMadrid : _blibrería de Fernando Fe ; _aSevilla : _blibrería de hijos de Fe, _c1879. |
||
| 300 |
_a30, [1] p. ; _c21 cm. |
||
| 852 |
_aES-MaACL _jT-309-F-5 _q. - Ded. ms. del autor |
||
| 999 |
_c48693 _d48693 |
||